| 000 | 00979nam2a22002531 4500 | ||
|---|---|---|---|
| 001 | RU\NLR\Per\641811 | ||
| 005 | 20250617175731.0 | ||
| 010 | _a978-5-87456-791-0 | ||
| 035 | _a(NLR Aleph) 002891462 | ||
| 090 |
_a3368392 _c3368392 |
||
| 100 | _a20091111d2009 |||y0rusy50 ca | ||
| 101 | 0 | _arus | |
| 102 | _aRU | ||
| 105 | _ay ||||000|y | ||
| 200 | 0 | _a2009, №6(30) | |
| 210 |
_d2009 _aБ. м. |
||
| 461 | 0 |
_1001RU\NLR\INFOCOMM7\5000006917 _12001#$aСобрание законодательства Воронежской области$fВоронеж. обл. дума и др.$v2009, №6(30) _94500770 _cВоронеж _d1997- _fВоронеж. обл. дума и др. _nВоронеж. обл. дума _tСобрание законодательства Воронежской области _v2009, №6(30) |
|
| 801 | 1 |
_aRU _bInfoComm _c20041112 |
|
| 801 | 0 |
_aRU _bNLR _gPSBO |
|
| 852 |
_aNLR _jП22/7053 |
||
| 942 | _cISSUE | ||
| 980 | _aNB | ||
| 980 | _aRUSPER | ||